| 000 | 00517nam a2200181 a 4500 | ||
|---|---|---|---|
| 001 | 2003 | ||
| 005 | 20140414131908.0 | ||
| 008 | 050212s19uu xx 00 eng d | ||
| 020 | _a2-89429-569-3 | ||
| 050 |
_aER _bB11 1994 |
||
| 100 | _aBryant, Robyn | ||
| 245 |
_aBaboo and the lion / _cText by Robyn Bryant ; illustrated by Francois Ruwer. |
||
| 260 |
_aMontreal, Canada : _bTormont, _c1994. |
||
| 300 | _a1 v. p. : ill. ; cm. | ||
| 650 |
_aAnimals _xFiction. |
||
| 650 | _aChildren stories. | ||
| 999 |
_c111049 _d111049 |
||